<?xml version="1.0" encoding="UTF-8"?>
<record
    xmlns:xsi="http://www.w3.org/2001/XMLSchema-instance"
    xsi:schemaLocation="http://www.loc.gov/MARC21/slim http://www.loc.gov/standards/marcxml/schema/MARC21slim.xsd"
    xmlns="http://www.loc.gov/MARC21/slim">

  <leader>00980cam a2200253 a 4500</leader>
  <controlfield tag="003">CDMR</controlfield>
  <controlfield tag="005">20160128161331.0</controlfield>
  <controlfield tag="008">140226s2014    sp ad         000 0 spa d</controlfield>
  <datafield tag="020" ind1=" " ind2=" ">
    <subfield code="a">9788499406909</subfield>
  </datafield>
  <datafield tag="040" ind1=" " ind2=" ">
    <subfield code="b">cat</subfield>
    <subfield code="c">CDMR</subfield>
  </datafield>
  <datafield tag="245" ind1="0" ind2="3">
    <subfield code="a">El periodismo en las transiciones pol&#xED;ticas</subfield>
    <subfield code="b">: de la Revoluci&#xF3;n portuguesa y la Transici&#xF3;n espa&#xF1;ola a la Primavera &#xE1;rabe </subfield>
    <subfield code="c">Jaume Guillamet, Francesc Salgado (eds.)</subfield>
  </datafield>
  <datafield tag="260" ind1=" " ind2=" ">
    <subfield code="a">Madrid :</subfield>
    <subfield code="b">Biblioteca Nueva,</subfield>
    <subfield code="c">cop. 2014</subfield>
  </datafield>
  <datafield tag="300" ind1=" " ind2=" ">
    <subfield code="a">365 p. :</subfield>
    <subfield code="b">il., gr&#xE0;f., taules ;</subfield>
    <subfield code="c">24 cm</subfield>
  </datafield>
  <datafield tag="490" ind1="0" ind2=" ">
    <subfield code="a">Historia</subfield>
  </datafield>
  <datafield tag="504" ind1=" " ind2=" ">
    <subfield code="a">Bibliografia</subfield>
  </datafield>
  <datafield tag="650" ind1="0" ind2="4">
    <subfield code="a">Periodisme</subfield>
    <subfield code="9">382</subfield>
  </datafield>
  <datafield tag="650" ind1="0" ind2="7">
    <subfield code="a">Premsa i pol&#xED;tica</subfield>
    <subfield code="2">lemac</subfield>
    <subfield code="9">3470</subfield>
  </datafield>
  <datafield tag="650" ind1="0" ind2="4">
    <subfield code="a">Premsa i pol&#xED;tica</subfield>
    <subfield code="z">Espanya</subfield>
    <subfield code="x">Hist&#xF2;ria</subfield>
    <subfield code="y">1975-1982</subfield>
    <subfield code="9">4090</subfield>
  </datafield>
  <datafield tag="650" ind1="0" ind2="4">
    <subfield code="a">Revolucions en els mitjans de comunicaci&#xF3; de massa</subfield>
  </datafield>
  <datafield tag="700" ind1="1" ind2=" ">
    <subfield code="a">Guillamet, Jaume</subfield>
    <subfield code="e">ed.</subfield>
    <subfield code="9">417</subfield>
  </datafield>
  <datafield tag="700" ind1="1" ind2=" ">
    <subfield code="a">Salgado de Dios, Francesc</subfield>
    <subfield code="e">ed.</subfield>
    <subfield code="9">2956</subfield>
  </datafield>
  <datafield tag="710" ind1="2" ind2=" ">
    <subfield code="a">Universitat Pompeu Fabra</subfield>
    <subfield code="b"> -- Grup de Recerca en Periodisme</subfield>
    <subfield code="9">3210</subfield>
  </datafield>
  <datafield tag="942" ind1=" " ind2=" ">
    <subfield code="c">MON</subfield>
    <subfield code="2">udc</subfield>
  </datafield>
  <datafield tag="999" ind1=" " ind2=" ">
    <subfield code="c">6727</subfield>
    <subfield code="d">6727</subfield>
  </datafield>
  <datafield tag="952" ind1=" " ind2=" ">
    <subfield code="0">0</subfield>
    <subfield code="1">0</subfield>
    <subfield code="4">0</subfield>
    <subfield code="7">0</subfield>
    <subfield code="a">CDMR</subfield>
    <subfield code="b">CDMR</subfield>
    <subfield code="d">2014-04-14</subfield>
    <subfield code="e">Donaci&#xF3;</subfield>
    <subfield code="g">24.00</subfield>
    <subfield code="l">0</subfield>
    <subfield code="o">Ca 5/9</subfield>
    <subfield code="p">CDMR1404301229</subfield>
    <subfield code="r">2014-04-14</subfield>
    <subfield code="v">24.00</subfield>
    <subfield code="w">2014-04-14</subfield>
    <subfield code="y">MON</subfield>
  </datafield>
</record>
